| 000 | 01775nam2a22003371 4500 | ||
|---|---|---|---|
| 001 | v19\rc\1915129 | ||
| 005 | 20251118180615.9 | ||
| 035 | _a(NLR Aleph) 005002804 | ||
| 090 |
_a6404479 _c6404479 |
||
| 100 | _a20080404d1913 u y0rusy50 ca | ||
| 101 | 0 | _arus | |
| 102 | _aRU | ||
| 105 | _ay z ||||| | ||
| 200 | 1 |
_aОгородничество и садоводство в Московском уезде _hI _iНекоторые черты крестьянского хозяйства подмосковного огородно-садового района _hII _iК вопросу о технике огородничества в подмосковном районе _hIII _iК характеристике наемных рабочих в огородно-садовом районе _hIV _iЦены на продукты огородничества и садоводства на 1912 г. |
|
| 210 | _d1913 | ||
| 215 | _a[3], 9, 201, 9-82 с. | ||
| 461 | 0 |
_1001v19\rc\1915122 _12001#$aЭкономическо-статистический сборник$fСтат. отд-ние Моск. уезд. зем. управы$vВып. 7 _96404412 _cМосква _d1911-1916 _fСтат. отд-ние Моск. уезд. зем. управы _nПечатня С.П. Яковлева _oВып. 1- _tЭкономическо-статистический сборник _vВып. 7 |
|
| 801 | 0 |
_aRU _bNLR _gpsbo |
|
| 801 | 0 |
_aRU _bRuMoRGB _2psbo |
|
| 801 | 1 |
_aRU _bProSoft-M _2rusmarc |
|
| 852 |
_aNLR _bЗем _j21-1/1(7) |
||
| 899 |
_aRuMoRGB _jU 37/118 |
||
| 899 |
_aRuMoRGB _jD 39/116 |
||
| 899 |
_aRuMoRGB _jT 69/54 |
||
| 899 |
_aRuMoRGB _jF 194/89 |
||
| 899 | _aНБ СПбГУ | ||
| 899 | _aГПИБ | ||
| 899 | _aНБ МГУ | ||
| 942 | _cBOOK | ||
| 980 | _aNB | ||